| 000 | 00543nam a22001937a 4500 | ||
|---|---|---|---|
| 001 | 4071 | ||
| 003 | FISKH | ||
| 005 | 20240605133225.0 | ||
| 008 | 240605b cb ||||| |||| 00| 0 eng d | ||
| 020 | _a9781800810631 | ||
| 040 |
_aFISKH _beng _cFISKH _dFISKH |
||
| 082 | _a823.0872080912 | ||
| 100 | _aGayford, Cecily | ||
| 245 | _aMurder by the seaside : | ||
| 260 |
_aLondon : _bProfile Books, _c2021 |
||
| 300 |
_a223 cm. _c20 cm. |
||
| 520 | _aA collection of 10 stories by some of history's most famous mystery writers. | ||
| 942 |
_2ddc _cBK _n0 |
||
| 999 |
_c4071 _d4071 |
||